01787nam a22002537a 450000500170000000800410001702000180005804000070007604100120008308200210009510000240011624500270014026000450016730000260021236500530023852009220029165000330121365000290124665000330127570000260130894200120133499900190134695201680136520240103151242.0240103b ||||| |||| 00| 0 eng d a9780195655261 cAL aEnglish 223a330.01bSEND aAmartya Sen9147189 aDevelopment As Freedom aNew DelhibOxford University Pressc2022 a366 p.bPBc21x14 cm. a6998b₹436.00c₹d₹545.00e20%f30-12-2023 aBy the winner of the 1988 Nobel Prize in Economics, an essential and paradigm-altering framework for understanding economic development - for both rich and poor - in the twenty-first century. Freedom, Sen argues, is both the end and most efficient means of sustaining economic life and the key to securing the general welfare of the world's entire population. Releasing the idea of individual freedom from association with any particular historical, intellectual, political, or religious tradition, Sen clearly demonstrates its current applicability and possibilities. In the new global economy, where, despite unprecedented increases in overall opulence, the contemporary world denies elementary freedoms to vast numbers - perhaps even the majority of people - he concludes, it is still possible to practically and optimistically restain a sense of social accountability. Development as Freedom is essential reading. aEconomic development9147190 aEconomic history9147191 aDeveloping countries9147192 aSEN (Amartya)9147193 2ddccBK c229570d229570 00102ddc40708SWaALbALd2024-01-03eBiblios Book Point Surathkal Mangalore 575014g436.00l0o330.01 SENDp077020r2024-01-03 00:00:00v545.00w2024-01-03yBK